Mon 11 de légende de Serie A - Statistiques

Statistiques générales
  • Ce quiz a été pris 180 fois
  • Le résultat moyen est 8 sur 11
Statistiques - réponses
indice Joueur % Correct
Gardien de butItalie, Juventus Gianluigi Buffon
100%
Défenseur GaucheItalie, AC Milan Paulo Maldini
94%
Milieu Offensif Argentine, SSC Napoli Diego Maradona
83%
Deuxième Attaquant Italie, AS Roma Francesco Totti
81%
Défenseur CentralItalie, AC Milan Alessandro Nesta
77%
Défenseur Droit Brésil, AC Milan Cafu
73%
Milieu DéfensifItalie, AC Milan Andrea Pirlo
72%
Ailier Gauche Italie, Juventus Alessandro Del Piero
67%
Défenseur CentralItalie, AC Milan Franco Baresi
64%
Milieu OffensifFrance, Juventus Michel Platini
59%
Buteur,Italie, Lazio Rome Silvio Piola
2%
Aucun quiz correspondant
Distribution des résultats
% des personnes avec chaque résultat
Percentile par nombre de réponses
Votre historique - résultats
Vous n’avez pas pris ce quiz